Informe de labores del 1o. de septiembre de 1968 al 31 de agosto de 1969 [de Baja California Sur] /
Salvato in:
| Ente Autore: | |
|---|---|
| Altri autori: | |
| Natura: | Libro |
| Lingua: | spagnolo |
| Soggetti: | |
| Tags: |
Nessun Tag, puoi essere il primo ad aggiungerne!!
|
MARC
| LEADER | 00000nam^a2200000^a^4500 | ||
|---|---|---|---|
| 001 | 000123495 | ||
| 005 | 20250521000000.0 | ||
| 009 | 20260310094538.298 | ||
| 037 | |a Acervo ITESO - Biblioteca | ||
| 041 | |a ESP | ||
| 082 | |a 320. 972 |b INF BCS 1969 | ||
| 110 | |a Baja California (Sur). Gobernador. 1965-1970 (Cervantes del Río) | ||
| 240 | 1 | 1 | |a [Informe de gobierno de Hugo Cervantes del Río] |
| 245 | 1 | 0 | |a Informe de labores del 1o. de septiembre de 1968 al 31 de agosto de 1969 [de Baja California Sur] / |c H. Cervantes del Río. |
| 264 | |a La Paz, México : |b Gobierno del Territorio de Baja California Sur, |c 1969 | ||
| 300 | |a 152 p. | ||
| 336 | |a texto |b txt |2 rdacontenido | ||
| 337 | |a sin mediación |b n |2 rdamedio | ||
| 338 | |a volumen |b nc |2 rdasoporte | ||
| 649 | |a XX | ||
| 650 | |a Gobernadores - |z Baja California (Sur)- |x Informes | ||
| 650 | |a Gobernadores - |z México - |x Informes | ||
| 650 | |a Políticos - |z Baja California (Sur)- |x Informes | ||
| 650 | |a Políticos - |z México - |x Informes | ||
| 650 | |a Informe de Gobierno - |z Baja California (Sur) | ||
| 650 | |a Informe de Gobierno - |z México | ||
| 650 | |a Educación - |z Baja California (Sur) | ||
| 650 | |a Agricultura - |z Baja California (Sur) | ||
| 650 | |a Turismo - |z Baja California (Sur) | ||
| 650 | |a Salud Pública - |z Baja California (Sur) | ||
| 650 | |a Seguridad Pública - |z Baja California (Sur) | ||
| 650 | |a Comunicaciones y Tránsito - |z Baja California (Sur) | ||
| 650 | |a Servicios Públicos - |z Baja California (Sur) | ||
| 650 | |a Política Económica - |z Baja California (Sur) | ||
| 650 | |a Política Social - |z Baja California (Sur) | ||
| 650 | |a Desarrollo Económico-Social - |z Baja California (Sur) | ||
| 650 | |a Desarrollo Económico-Social - |z Baja California (Sur) | ||
| 650 | |a Desarrollo Urbano - |z Baja California (Sur) | ||
| 650 | |a Economía - |z Baja California (Sur)- |x Historia - |y 1964-1970 | ||
| 650 | |a Economía - |z México - |x Historia - |y 1964-1970 | ||
| 650 | |a Administración Pública - |z Baja California (Sur) - |x Historia - |y 1964-1970 | ||
| 650 | |a Administración Pública - |z Baja California (Sur)- |x Historia - |y Siglo XX | ||
| 650 | |a Administración Pública - |z México - |x Historia - |y 1964-1970 | ||
| 650 | |a Administración Pública - |z México - |x Historia - |y Siglo XX | ||
| 650 | |a Política - |z Baja California (Sur) - |x Historia - |y 1964-1970 | ||
| 650 | |a Política - |z Baja California (Sur)- |x Historia - |y Siglo XX | ||
| 650 | |a Política - |z México - |x Historia - |y 1964-1970 | ||
| 650 | |a Política - |z México - |x Historia - |y Siglo XX | ||
| 700 | |a Cervantes del Río, Hugo |e (autor) | ||
| 910 | |a Fondo Salvador Reynoso Reynoso | ||
| 920 | |a Impresos - Libros | ||
| 930 | |a Fondos Especiales | ||
| 905 | |a 112 | ||
| 901 | |a 0800007098 |b IT2 |c ESP |u 20250521 | ||
| 902 | |a https://opac.biblio.iteso.mx/vufind/Record/000123495 | ||